000 00537nam a2200181 i 4500
001 78035
003 ES-MaACL
005 20230906173513.0
007 t|
008 041008s1952 sp ||||1| spa d
100 1 _aHamsun, Knut.
_961705
245 1 0 _aPor los viejos caminos /
_cKnut Hansum ; [traducción de Montserrat Costa].
250 _a[1ª ed.].
260 _aBarcelona :
_bJosé Janés,
_c1952 (
_fMiguza)
300 _a151 p., 1 lám. ;
_c22 cm.
700 1 _aCosta, Montserrat.
_941072
852 _aES-MaACL
_jD-8479
_bR.32542
999 _c78035
_d78035